| 000 | 00471 a2200145 4500 | ||
|---|---|---|---|
| 005 | 20250507155617.0 | ||
| 020 | _a978-0-7553-6014-7 | ||
| 082 | _a658. 4 DEV | ||
| 245 | _aThe Management Masterclass: Great Business Ideas Without the Hype | ||
| 260 |
_aLondon, _bHeadline Publishing Group, _c2010. |
||
| 300 |
_a190p.: ill.; picture. _bBibliography, index. _c22cm. |
||
| 700 | _aVITA, E. D. | ||
| 856 |
_yAccess online book _fManagement _dwww.headline.co.uk |
||
| 942 |
_2ddc _cBKS |
||
| 999 |
_c2141 _d2141 |
||